| 000 | 00765nam a2200193Ii 4500 | ||
|---|---|---|---|
| 003 | JO-AjNU | ||
| 008 | 230605s9999||||xx |||||||||||||| ||und|| | ||
| 040 |
_aJO-AjNU _bara _erda _cJO-AjNU |
||
| 041 | _aara | ||
| 050 | 1 | 4 | _aKRM914.2003 |
| 100 | 3 |
_aالحسيني ، هبة, _eauthor _921286 |
|
| 245 | 0 | 0 | _aمراجعة نقدية لمشروع قانون التجارة الفلسطيني |
| 264 | 3 | 1 | _aالقدس : معهد أبحاث السياسات الإقتصادية الفلسطيني، 2003 |
| 300 |
_a113ص _bيشتمل على مراجع ببلوغرافية ص ( 105-113 ) |
||
| 336 |
_atext _btxt _2rdacontent |
||
| 337 |
_aunmediated _bn _2rdamedia |
||
| 338 |
_avolume _bnc _2rdacarrier |
||
| 650 | 4 |
_aقانون التجارة -- فلسطين _921287 |
|
| 999 |
_aA7368 _c10936 _d10936 |
||